000 00664nam a2200241 i 4500
001 C2-0277405
003 PPAK
005 20180728005446.0
008 070116s2005 nyu |||| ||||| | eng d
020 _a1596057246
040 _aPPAK
_beng
_cPPAK
_erda
082 0 4 _a324.623973
_223
090 0 0 _a324.623973
_bHEC
_dLCK
100 1 _aHecker, Eugene A.,
_eauthor
245 1 2 _aA short history of women's rights
264 1 _aNew York :
_bCosimo ,
_c2005
300 _axii, 313 pages ;
_c21 cm
336 _2rdacontent
_atext
337 _2rdamedia
_aunmediated
338 _2rdacarrier
_avolume
650 1 0 _aWomen's rights - United States.
942 _ddc
_cB
999 _c84619
_d84619